MARC

LEADER 00000nam0a2200000 4500
001 252163
005 20231101232725.0
035 |a (RuTPU)RU\TPU\book\274493 
090 |a 252163 
100 |a 20140227d1988 k y0rusy50 ca 
101 0 |a rus 
102 |a RU 
105 |a y z 001zy 
200 1 |a Очерки истории советско-французских культурных связей. 1924-1939 гг.  |f Е. С. Белогловский 
210 |a Свердловск  |c Изд-во Уральского ун-та  |d 1988 
215 |a 320 с. 
320 |a Библиогр.: с. 248-310. 
606 1 |a Международные культурные связи  |2 stltpush  |3 (RuTPU)RU\TPU\subj\41928  |9 61696 
610 1 |a культура 
610 1 |a межкультурное взаимодействие 
610 1 |a межкультурное сотрудничество 
610 1 |a СССР 
610 1 |a Франция 
610 1 |a история 
610 1 |a 20 век 
686 |a Ч114  |v LBC/SL-A  |2 rubbk 
700 1 |a Белогловский  |b Е. С.  |g Ефим Саулович 
801 1 |a RU  |b 63413507  |c 20140227 
801 2 |a RU  |b 63413507  |c 20140318  |g RCR 
942 |c BK